Historia Militar de Chile. 1541 - 1883. Segunda Edición
Gardado en:
| Autor Principal: | |
|---|---|
| Formato: | Libro |
| Idioma: | Lingua castelá |
| Publicado: |
Santiago
Imprenta del Ministerio de Guerra
1931
|
| Edición: | 2a. ed |
| Subjects: | |
| Tags: |
Engadir etiqueta
Sen Etiquetas, Sexa o primeiro en etiquetar este rexistro!
|
MARC
| LEADER | 00000nam a2200000 a 4500 | ||
|---|---|---|---|
| 001 | UCJ8603 | ||
| 003 | CL-VaPUC | ||
| 008 | 070124e19310000CL |||||||||||||||||spa|d | ||
| 082 | 0 | 4 | |a 983 |b TEL |2 21 |
| 100 | 0 | |a Téllez, Indalicio |e author |9 512961 | |
| 245 | 1 | 0 | |a Historia Militar de Chile. 1541 - 1883. Segunda Edición |
| 250 | |a 2a. ed | ||
| 300 | |a 2 v | ||
| 942 | |c BK | ||
| 945 | |d 20070124 00:00:00 |a rinostro | ||
| 260 | |a Santiago |b Imprenta del Ministerio de Guerra |c 1931 | ||
| 500 | |a De esta Segunda edición existe en biblioteca sólo el v. 1 | ||
| 650 | 0 | |a Historia de Chile |9 265473 | |
| 650 | 0 | |a Guerra de Arauco |9 267618 | |
| 650 | 0 | |a Guerra del Pacífico |9 314886 | |
| 650 | 7 | |a GUERRA CIVIL DE 1891 |2 CL-VaPUC |9 408173 | |
| 650 | 7 | |a GUERRAS CIVILES |2 CL-VaPUC |9 361938 | |
| 583 | |a last modification |c 20070124 00:00:00 |k Rodrigo Vera | ||
| 999 | |c 324273 |d 324271 | ||
| 952 | |0 0 |1 0 |4 0 |6 983_000000000000000_TEL_1931 |7 0 |8 X |9 404305 |a FDOBUD |b FDOBUD |d 2019-11-22 |h v.1 |i 1080369 |o 983 TEL 1931 |p 1080369 |r 2019-11-22 |w 2019-11-22 |y BK_X |k BUD | ||